000
00264nam a22001217a 4500
082
_a
158
_b
SAD/D
100
_a
SADHGURU
245
_a
DON'T POLISH YOUR IGNORANCE
260
_a
INDIA
_b
JAICO
300
_a
250
650
_a
PERSONALITY DEVELOPMENT
_z
INDIA
942
_c
BK
999
_c
5508
_d
5508